QUANTITY AND QUALITY OF VERGIN COCONUT OIL PRODUCED USING DIFFERENT VARIETIES AND METHODS បរិមាណ និងគុណភាពប្រេងដូងដែលផលិតដោយប្រើពូជ និងវិធីសាស្រ្តខុសៗគ្នា (Record no. 23648)

000 -LEADER
fixed length control field 00653nam a22001337a 4500
040 ## - CATALOGING SOURCE
Transcribing agency RUA
082 ## - DEWEY DECIMAL CLASSIFICATION NUMBER
Classification number Ms. ORN 2021 B1.278 Or.
100 ## - MAIN ENTRY--AUTHOR NAME
Personal name ORNG VITOU អ៊ង វិទូ
245 ## - TITLE STATEMENT
Title QUANTITY AND QUALITY OF VERGIN COCONUT OIL PRODUCED USING DIFFERENT VARIETIES AND METHODS បរិមាណ និងគុណភាពប្រេងដូងដែលផលិតដោយប្រើពូជ និងវិធីសាស្រ្តខុសៗគ្នា
260 ## - PUBLICATION, DISTRIBUTION, ETC. (IMPRINT)
Place of publication PHNOM PENH
Name of publisher RUA
Year of publication 2021
300 ## - PHYSICAL DESCRIPTION
Number of Pages XI. 50P
Other physical details VII.
Dimensions 29CM
856 ## - ELECTRONIC LOCATION AND ACCESS
Uniform Resource Identifier https://drive.google.com/file/d/11JSfkzqIoc9-4OyOXHV91D-o8NKjU29l/view?usp=sharing
942 ## - ADDED ENTRY ELEMENTS (KOHA)
Koha item type MGR
952 ## - LOCATION AND ITEM INFORMATION (KOHA)
Withdrawn status [LOCAL, KOHA] 0
952 ## - LOCATION AND ITEM INFORMATION (KOHA)
Withdrawn status [LOCAL, KOHA] 0
952 ## - LOCATION AND ITEM INFORMATION (KOHA)
Withdrawn status [LOCAL, KOHA] 0
952 ## - LOCATION AND ITEM INFORMATION (KOHA)
Withdrawn status [LOCAL, KOHA] 0
Holdings
Permanent Location Date acquired Koha item type Lost status Shelving location Barcode Current Location Full call number
Library Block B2024-09-10MGR B1.278a077478Library Block BMs. ORN 2021 B1.278 Or.1
Library Block B2024-09-10MGR B1.278a077582Library Block BMs. ORN 2021 B1.278 Or.2
Library Block B2024-09-10MGR B1.278a077678Library Block BMs. ORN 2021 B1.278 Or.3
Library Block B2024-09-10MGR B1.278a077530Library Block BMs. ORN 2021 B1.278 Or.4
មជ្ឈមណ្ឌលឯការនៃសាកលវិទ្យាល័យភូមិន្ទកសិកម្មចំការដូង

Powered by Koha